000 00709nam a2200229 a 4500
001 BRL_381
005 20190320210720.0
008 050813s1983----mx-ab#####---#000-0#spa-#
041 _aspa
044 _amx
050 4 _aF1219
_b.M65 1983
100 1 _aMolins Fabrega, N.
_923719
245 1 0 _aEl Códice Mendocino y la economía de Tenochtitlan
_cN. Molins Fabrega ; prólogo de la profesora Barbro Dahlgren.
260 _aMéxico
_bJorge Porrúa
_c1983
300 _a90 p.
_bil. 1 mapa plegable a color
_c22 cm.
500 _aAu364
650 1 4 _aCódice Mendoza
_923720
650 1 4 _aMéxico
_xHistoria
_yHasta 1519
_923721
700 1 _aDahlgren, Barbro
_epról.
_923722
902 _aGRL
942 _2lcc
_cB
999 _c9194
_d9194